Skip to main content
Your cart is empty.
Your lists
Log in to create your own lists
Your cookies
العربية
English
العربية
Home
Search
Advanced search
Authority search
About
The noble scholar, jurist, historian
His Excellency Dr. Abdul Wahhab bin Ibrahim Abu Sulaiman, may Allah have mercy on him.
He was born in Umm Al-Qura in the year 1356 AH.
Library catalog
Title
Author
Subject
ISBN
ISSN
Series
Call number
Log in to your account
×
Login:
Password:
Home
MARC view: فتح الوهاب بشرح منهج الطلاب /
Normal view
MARC view
ISBD view
فتح الوهاب بشرح منهج الطلاب / (Record no. 435)
[
view plain
]
MARC details
000 -LEADER
fixed length control field
03459cam a22003611i 4500
003 - CONTROL NUMBER IDENTIFIER
control field
SA-RiAUC
005 - DATE AND TIME OF LATEST TRANSACTION
control field
20240924141136.0
008 - FIXED-LENGTH DATA ELEMENTS--GENERAL INFORMATION
fixed length control field
240918q19001999ua g 00010 ara c
040 ## - CATALOGING SOURCE
Original cataloging agency
SA-MdTU
Language of cataloging
ara
Transcribing agency
SA-RiAUC
Description conventions
rda
082 04 - DEWEY DECIMAL CLASSIFICATION NUMBER
Classification number
258.3
Assigning agency
SA-RiAUC
090 ## - LOCALLY ASSIGNED LC-TYPE CALL NUMBER (OCLC); LOCAL CALL NUMBER (RLIN)
Classification number (OCLC) (R) ; Classification number, CALL (RLIN) (NR)
258.3
Local cutter number (OCLC) ; Book number/undivided call number, CALL (RLIN)
ز ك ر
100 1# - MAIN ENTRY--PERSONAL NAME
Personal name
زكريا الأنصاري، زكريا بن محمد بن أحمد،
Dates associated with a name
823-926 هجري
Relator term
مؤلف.
245 10 - TITLE STATEMENT
Title
فتح الوهاب بشرح منهج الطلاب /
Statement of responsibility, etc.
تأليف أبي يحيى زكريا الأنصاري. بهامشه الرسائل الذهبية في المسائل الدقيقة المنهجية / مصطفى الذهبي الشافعي. بهامشه منهج الطلاب.
246 30 - VARYING FORM OF TITLE
Title proper/short title
شرح منهج الطلاب
264 #1 - PRODUCTION, PUBLICATION, DISTRIBUTION, MANUFACTURE, AND COPYRIGHT NOTICE
Place of production, publication, distribution, manufacture
القاهرة :
Name of producer, publisher, distributor, manufacturer
دار إحياء الكتب العربية،
Date of production, publication, distribution, manufacture, or copyright notice
[بين 1900 و1999]
300 ## - PHYSICAL DESCRIPTION
Extent
2 مجلد في 1 ؛
Dimensions
28 سم
336 ## - CONTENT TYPE
Content type term
نص
Content type code
txt
Source
rdacontent
Materials specified
كتاب
337 ## - MEDIA TYPE
Media type term
بدون وسيط
Media type code
n
Source
rdamedia
338 ## - CARRIER TYPE
Carrier type term
مجلد
Carrier type code
nc
Source
rdacarrier
500 ## - GENERAL NOTE
General note
بهامشه منهج الطلاب و الرسائل الذهبية في المسائل الدقيقة المنهجية.
650 #7 - SUBJECT ADDED ENTRY--TOPICAL TERM
Topical term or geographic name entry element
الفقه الشافعي
Source of heading or term
aucsh
650 #7 - SUBJECT ADDED ENTRY--TOPICAL TERM
Topical term or geographic name entry element
الفقه الإسلامي
General subdivision
مذاهب
Source of heading or term
aucsh
650 #7 - SUBJECT ADDED ENTRY--TOPICAL TERM
Topical term or geographic name entry element
الفقه الشافعي
Source of heading or term
aucsh
700 12 - ADDED ENTRY--PERSONAL NAME
Personal name
النووي، يحيى بن شرف بن مري،
Dates associated with a name
631-676 هجري
700 12 - ADDED ENTRY--PERSONAL NAME
Personal name
مصطفى الذهبي، مصطفى بن حنفي بن حسن،
Dates associated with a name
توفي 1280 هجري
Title of a work
الرسائل الذهبية في المسائل الدقيقة المنهجية.
740 02 - ADDED ENTRY--UNCONTROLLED RELATED/ANALYTICAL TITLE
Uncontrolled related/analytical title
منهج الطلاب في فقه الإمام الشافعي، المسمى، بمنهاج الطالبين وعمدة المفتين في فقه مذهب الإمام الشافعي.
740 02 - ADDED ENTRY--UNCONTROLLED RELATED/ANALYTICAL TITLE
Uncontrolled related/analytical title
منهاج الطالبين وعمدة المفتين في فقه مذهب الإمام الشافعي.
740 22 - ADDED ENTRY--UNCONTROLLED RELATED/ANALYTICAL TITLE
Uncontrolled related/analytical title
الرسائل الذهبية في المسائل الدقيقة المنهجية.
856 ## - ELECTRONIC LOCATION AND ACCESS
Uniform Resource Identifier
<a href="http://dlib.nyu.edu/aco/book/nyu_aco000695/1?lang=ar">http://dlib.nyu.edu/aco/book/nyu_aco000695/1?lang=ar</a>
Link text
Digital Copy
Access method
نرجو الانتباه لإمكانية وجود اختلاف في الطبعة أو الناشر بين البيانات على البوابة وما ستجده على الكتاب نظرا لمحدودية المعلومات المتاحة على الموقع الناشر للمادة.
Materials specified
Please note that there may be a difference in the edition or publisher between the data on the portal and the book due to the limited information available on the publisher website for the material.
856 ## - ELECTRONIC LOCATION AND ACCESS
Uniform Resource Identifier
<a href="http://dl-img.home.nyu.edu/adore-djatoka/resolver?url_ver=Z39.88-2004&svc_id=info%3Alanl-repo/svc/getRegion&svc_val_fmt=info%3Aofi/fmt%3Akev%3Amtx%3Ajpeg2000&svc.format=image/jpeg&rft_id=http%3A//dlib.nyu.edu/files/books/nyu_aco000695/nyu_aco000695_afr01_d.jp2&svc.scale=230 ">http://dl-img.home.nyu.edu/adore-djatoka/resolver?url_ver=Z39.88-2004&svc_id=info%3Alanl-repo/svc/getRegion&svc_val_fmt=info%3Aofi/fmt%3Akev%3Amtx%3Ajpeg2000&svc.format=image/jpeg&rft_id=http%3A//dlib.nyu.edu/files/books/nyu_aco000695/nyu_aco000695_afr01_d.jp2&svc.scale=230 </a>
Link text
CoverImage
Access method
نرجو الانتباه لإمكانية وجود اختلاف في الطبعة أو الناشر بين البيانات على البوابة وما ستجده على الكتاب نظرا لمحدودية المعلومات المتاحة على الموقع الناشر للمادة.
Materials specified
Please note that there may be a difference in the edition or publisher between the data on the portal and the book due to the limited information available on the publisher website for the material.
942 ## - ADDED ENTRY ELEMENTS (KOHA)
Source of classification or shelving scheme
Dewey Decimal Classification
Koha item type
كتاب نادر
949 ## - LOCAL PROCESSING INFORMATION (OCLC)
a
SA-JeALM
d
240918
u
mohamedma123
n
1
Holdings
Withdrawn status
Lost status
Source of classification or shelving scheme
Materials specified (bound volume or other part)
Damaged status
Not for loan
Home library
Current library
Date acquired
Total checkouts
Full call number
Barcode
Date last seen
Price effective from
Koha item type
Dewey Decimal Classification
المجلد الاول 1-2
DR AbdElwahab Library
DR AbdElwahab Library
09/20/2024
ن 258.3 ز ك ر
000000554
09/20/2024
09/20/2024
كتاب نادر
Place hold
Print
Add to your cart
(remove)
Save record
BIBTEX
Dublin Core
MARCXML
MARC (non-Unicode/MARC-8)
MARC (Unicode/UTF-8)
MARC (Unicode/UTF-8, Standard)
MODS (XML)
RIS
ISBD
More searches
Search for this title in:
Other Libraries (WorldCat)
Other Databases (Google Scholar)
Online Stores (Bookfinder.com)
Open Library (openlibrary.org)
Exporting to Dublin Core...
×
Simple DC-RDF
OAI-DC
SRW-DC